Statistics for Famous People by Signature #5

Click here to take the quiz!

General Stats

  • This quiz has been taken 29 times
  • The average score is 6 of 12

Answer Stats

Answer% Correct
Walt Disney
100%
Hillary Clinton
93%
Stephen King
93%
Tupac Shakur
89%
Donald Trump
50%
Olivia de Havilland
50%
Tennessee Williams
46%
James Dean
29%
Kim Kardashian
25%
Elon Musk
7%
Jason Momoa
0%
Thabo Mbeki
0%

Score Distribution

Percentile by Number Answered

Percent of People with Each Score

Your Score History

You have not taken this quiz